000 00495nam a2200193Ia 4500
003 OSt
005 20251203092653.0
008 210210b1989 xxu||||| |||| 00| 0 eng d
020 _a8120700244
040 _cAL
082 _a300.72 SHAR
100 _aSharma B A V and others
_9150270
245 _aResearch methods in social sciences
260 _aNew Delhi
_bSterling Publishers Pvt Ltd
_c1989
300 _a272p
690 _aSocial Research
_9150271
906 _a043548
942 _2ddc
_cBK
999 _c93044
_d93044